A trónfosztó trónra száll Határ Győző és a detronizáció poétikája - avagy: Vakablak világossága /

Elmentve itt :
Bibliográfiai részletek
Szerző: Tarján Tamás
További közreműködők: Kovács Péter
Dokumentumtípus: Cikk
Megjelent: 2004
Sorozat:Tiszatáj 58 No. 11
Kulcsszavak:Határ Győző, Magyar irodalom - Anglia - 20-21. sz. - életmű
Online Access:http://tiszataj.bibl.u-szeged.hu/18914
LEADER 00733nab a2200193 i 4500
001 tisza18914
005 20200331085720.0
008 170126s2004 hu o 0|| hun d
022 |a 0133-1167 
040 |a SZTE Tiszatáj Archívum  |b hun 
041 |a hun 
100 1 |a Tarján Tamás 
245 1 2 |a A trónfosztó trónra száll   |h [elektronikus dokumentum] :  |b Határ Győző és a detronizáció poétikája - avagy: Vakablak világossága /  |c  Tarján Tamás 
260 |c 2004 
300 |a 102-107 
490 0 |a Tiszatáj  |v 58 No. 11 
695 |a Határ Győző, Magyar irodalom - Anglia - 20-21. sz. - életmű 
700 0 1 |a Kovács Péter 
856 4 0 |u http://tiszataj.bibl.u-szeged.hu/18914/1/tiszataj_2004_011_102-107.pdf  |z Dokumentum-elérés